International accounting standards 1996
Sábháilte in:
| Údar corparáideach: | |
|---|---|
| Formáid: | LEABHAR |
| Teanga: | Béarla |
| Foilsithe / Cruthaithe: |
Londres
International Accounting Standards Committee
1996
|
| Ábhair: | |
| Clibeanna: |
Cuir clib leis
Níl clibeanna ann, Bí ar an gcéad duine le clib a chur leis an taifead seo!
|
MARC
| LEADER | 00000nam a2200000 a 4500 | ||
|---|---|---|---|
| 001 | UCU1306 | ||
| 003 | CL-VaPUC | ||
| 008 | 960404e19960000UK |||||||||||||||||eng|d | ||
| 082 | 0 | 4 | |a 657 |b INT |2 21 |
| 110 | 2 | |a International Accounting Standards Committee |e author |9 356938 | |
| 245 | 1 | 0 | |a International accounting standards 1996 |
| 300 | |a 920 p | ||
| 942 | |c BK | ||
| 945 | |d 19960404 00:00:00 |a rbrito | ||
| 260 | |a Londres |b International Accounting Standards Committee |c 1996 | ||
| 650 | 0 | |a Contabilidad |9 261430 | |
| 650 | 0 | |a Contabilidad de costos |9 260564 | |
| 650 | 0 | |a Administración financiera |9 261146 | |
| 650 | 0 | |a Estados de cuentas |9 352305 | |
| 650 | 7 | |a REDUCCION DE COSTOS |2 CL-VaPUC |9 356939 | |
| 650 | 0 | |a Inventarios |9 263681 | |
| 583 | |a last modification |c 19960404 00:00:00 |k Rodrigo Vera | ||
| 999 | |c 245968 |d 245966 | ||
| 952 | |0 0 |1 0 |4 0 |6 657_000000000000000_INT_1996 |7 0 |8 P |9 260632 |a BIBGIM |b BIBGIM |d 2019-11-19 |i 3190994 |o 657 INT 1996 |p 3190994 |r 2025-01-15 |w 2019-11-19 |y BK |k COM | ||